[Event "British Chess Championships 2023: First Rapidplay Open"]
[Site "The Venue, De Montfort University, 20 Western Boulevard, Leicester, LE2 7BU"]
[Date "2023.07.21"]
[Round "3"]
[Board "1"]
[White "Ledger, Stephen C"]
[Black "Han, Yichen"]
[Result "0-1"]
[WhiteElo "2097"]
[BlackElo "2530"]
[PlyCount "0"]
[EventDate "2023.07.21"]
[EventRounds "7"]
[EventCountry "ENG"]

1. d4 d5 2. Bf4 Nf6 3. e3 c5 4. c3 Nc6 5. Nd2 Bf5 6. Qb3 Qc8 7. Ngf3 e6 8. Ne5 Be7
9. Be2 O-O 10. Nxc6 Qxc6 11. Qb5 Qxb5 12. Bxb5 c4 13. O-O a6 14. Ba4 b5 15. Bd1 b4
16. Nb1 a5 17. f3 Nh5 18. Bg3 Nxg3 19. hxg3 Rab8 20. cxb4 axb4 21. Nd2 c3 22. bxc3
bxc3 23. Nb3 Ba3 24. Be2 Bb2 25. Rae1 Ra8 26. Nc1 c2 27. Bd3 Bxc1 28. Bxf5 Bd2 29.
Bxc2 Bxe1 30. Rxe1 Rxa2 31. Bd3 Rb8 32. g4 g6 33. Re2 Rbb2 34. Kf2 Kf8 35. f4 h6
36. Rxb2 Rxb2+ 37. Kf3 g5 38. g3 Ke7 39. e4 dxe4+ 40. Kxe4 Kd6 41. f5 Rb4 42. Ke3
e5 43. dxe5+ Kxe5 44. Be2 Rb3+ 45. Kf2 f6 46. Bf3 Kd4 47. Be2 Ke4 48. Bf1 Rb2+ 49.
Be2 Ra2  0-1

[Event "British Chess Championships 2023: First Rapidplay Open"]
[Site "The Venue, De Montfort University, 20 Western Boulevard, Leicester, LE2 7BU"]
[Date "2023.07.21"]
[Round "3"]
[Board "2"]
[White "Ledger, Andrew J"]
[Black "Ortiz Sanchez, Luis"]
[Result "1-0"]
[WhiteElo "2378"]
[BlackElo "2018"]
[PlyCount "0"]
[EventDate "2023.07.21"]
[EventRounds "7"]
[EventCountry "ENG"]

1. c4 f5 2. g3 Nf6 3. Bg2 d6 4. Nc3 c6 5. d3 g6 6. e3 Bg7 7. Nge2 Na6 8. O-O O-O
9. Rb1 e5 10. b4 d5 11. b5 Nc7 12. bxc6 bxc6 13. Qa4 Bd7 14. Ba3 Re8 15. Qa5 e4 16.
cxd5 cxd5 17. Rfd1 Ne6 18. Qxd8 Rexd8 19. Be7 Rdc8 20. Bxf6 Bxf6 21. Nxd5 Bd8 22.
dxe4 Ba4 23. Rdc1 Bc2 24. Rb4 a5 25. Rb2 Bxe4 26. Rxc8 Rxc8 27. Bxe4 fxe4 28. Nec3
Nc5 29. Rd2 Kf7 30. Rd4 Ke6 31. Nf4+ Kf7 32. Nxe4 Nxe4 33. Rxe4 Be7 34. Nd5 Bd6 35.
Ra4 Rc5 36. e4 Ke6 37. Kg2 g5 38. Ne3 Be5 39. Rc4 Rb5 40. Rc6+ Kf7 41. Ra6 Bc3 42.
Kf3 Rb2 43. Ra7+ Ke6 44. Ra6+ Kf7 45. Nd1 Rc2 46. Nxc3 Rxc3+ 47. Kg4 Ra3 48. Kxg5
Rxa2 49. f4 a4 50. Kf5 a3 51. Ra7+ Ke8 52. e5 h5 53. Ke6 Kf8 54. Kf6 Kg8 55. e6 h4
56. e7 Re2 57. Ra8+  1-0

[Event "British Chess Championships 2023: First Rapidplay Open"]
[Site "The Venue, De Montfort University, 20 Western Boulevard, Leicester, LE2 7BU"]
[Date "2023.07.21"]
[Round "3"]
[Board "3"]
[White "Buanne, Luca"]
[Black "Dong, Bao Nghia"]
[Result "0-1"]
[WhiteElo "2000"]
[BlackElo "2351"]
[PlyCount "0"]
[EventDate "2023.07.21"]
[EventRounds "7"]
[EventCountry "ENG"]

1. e4 e6 2. d4 d5 3. Nc3 Bb4 4. e5 c5 5. Bd2 Ne7 6. Nb5 Bxd2+ 7. Qxd2 O-O 8. f4 Nbc6
9. Nf3 a6 10. Nd6 cxd4 11. Nxd4 f6 12. Nxc8 Qxc8 13. Nxc6 Qxc6 14. exf6 Rxf6 15.
Bd3 Raf8 16. g3 b5 17. O-O-O Nc8 18. Rhe1 Nd6 19. Re5 Nb7 20. Kb1 Nc5 21. c3 a5 22.
Rde1 Rb8 23. f5 b4 24. fxe6 Nxe6 25. cxb4 Rxb4 26. Rxd5 Qb6 27. Qc2 Rf2 28. Be2 Nd4
29. Qc8+ Rf8 30. Qc3 Rb8 31. b3 Nxb3 32. Rb5 Rxb5 33. Bxb5 Qxb5 34. Qxb3+ Qxb3+ 35.
axb3 Rxb3+ 36. Ka2 Rf3 37. Re2 a4 38. Re4 Rf2+ 39. Ka3 Rxh2 40. Kxa4 Rb2 41. Re7
h5 42. Ka3 Rb6 43. Re5 g6 44. Re7 Kf8 45. Rc7 Rf6 46. Rc3 Kg7 47. Kb3 Rd6 48. Kc2
Kf6 49. Rc5 g5 50. Kc3 Rd1 51. Kc2 Rg1 52. Rc3 Kf5 53. Kd2 Kg4 54. Ke2 Rxg3 55. Rc4+
Kh3 56. Kf2 Ra3 57. Rb4 g4 58. Rb5 g3+ 59. Ke2 g2 60. Rb1 Kh2 61. Kf2 Ra2+  0-1

[Event "British Chess Championships 2023: First Rapidplay Open"]
[Site "The Venue, De Montfort University, 20 Western Boulevard, Leicester, LE2 7BU"]
[Date "2023.07.21"]
[Round "3"]
[Board "4"]
[White "Masani, Matthew M"]
[Black "Matlak, Oleksandr"]
[Result "0-1"]
[WhiteElo "1862"]
[BlackElo "2155"]
[PlyCount "0"]
[EventDate "2023.07.21"]
[EventRounds "7"]
[EventCountry "ENG"]

1. d4 Nf6 2. Bf4 g6 3. Nc3 d5 4. e3 Bg7 5. h4 h5 6. Nf3 O-O 7. Ne5 c5 8. dxc5 Qa5
9. Qd2 Qxc5 10. Na4 Qc7 11. Nxg6 Qd7 12. Nc5 Qe8 13. Nxf8 Kxf8 14. f3 Nc6 15. O-O-O
Bf5 16. Bd3 Bxd3 17. Nxd3 e5 18. Bg5 Rc8 19. Kb1 Nd7 20. e4 Nb6 21. Bh6 f6 22. Bxg7+
Kxg7 23. exd5 Nc4 24. Qe1 Nd4 25. c3 Qb5 26. cxd4 Na3+ 27. Ka1 Nc2+ 28. Kb1 Nxe1
29. Rhxe1 exd4 30. Nf4 Qd7 31. Rxd4 Qf5+ 32. Ka1 Qc2 33. Rdd1 Kf7 34. a3 Re8 35.
Ne6 Re7 36. g4 Rd7 37. gxh5 Qf5 38. Rg1 Qxh5 39. Rg7+ Ke8 40. Rg8+ Ke7 41. Re1 Qxh4
42. Rg7+ Kd6 43. Rgg1 Kxd5 44. Re4 Qxe4 45. fxe4+ Kxe6 46. Kb1 Ke5 47. Rf1 Rd4 48.
Rf5+ Ke6 49. Rf4 Rc4 50. b3 Rc3 51. Kb2 Re3 52. Kc2 b5 53. Kb2 a6 54. Kc2 Ke7 55.
Kb2 Ke6 56. Kc2 Ke7 57. Kb2 a5 58. Kc2 b4 59. axb4 axb4 60. e5 fxe5 61. Rxb4 Kd6
62. Rc4 Kd5 63. Ra4 e4 64. Rb4 Rh3 65. Rb8 Kd4 66. Rd8+ Ke3 67. Rc8 Rh2+ 68. Kc3
Ke2 69. Re8 e3 70. Kd4 Rh3 71. b4 Kd2 72. b5 e2 73. b6 Rd3+ 74. Kc5 Rc3+ 75. Kb4
Re3 76. Rxe3 Kxe3 77. Kc5 e1=Q 78. Kc6 Qc3+ 79. Kb7 Kd4 80. Ka7 Qa5+ 81. Kb7 Kc5
 0-1

[Event "British Chess Championships 2023: First Rapidplay Open"]
[Site "The Venue, De Montfort University, 20 Western Boulevard, Leicester, LE2 7BU"]
[Date "2023.07.21"]
[Round "3"]
[Board "5"]
[White "Dougherty, Michael"]
[Black "Subramanian, Anusha"]
[Result "1/2-1/2"]
[WhiteElo "2167"]
[BlackElo "1808"]
[PlyCount "0"]
[EventDate "2023.07.21"]
[EventRounds "7"]
[EventCountry "ENG"]

1. Nf3 d5 2. b3 c5 3. e3 a6 4. Bb2 Nf6 5. c4 Nc6 6. d4 e6 7. Nc3 cxd4 8. exd4 Bb4
9. a3 Bxc3+ 10. Bxc3 Ne4 11. Qc2 O-O 12. Bd3 Nxc3 13. Qxc3 dxc4 14. bxc4 b6 15. O-O
Bb7 16. Rad1 Ne7 17. Ne5 Qc7 18. Qc2 h6 19. Rfe1 Rac8 20. Qe2 Nc6 21. Qg4 Nxe5 22.
Rxe5 f5 23. Qe2 f4 24. Qg4 Rf6 25. Rxe6 Rcf8 26. Rde1 Bc8 27. d5 Bxe6 28. dxe6 Qd6
29. Be4 Kh8 30. Bd5 Re8 31. Qf3 a5 32. h3 Qc5 33. Kh2 Qd6 34. Re4 b5 35. Kg1 bxc4
36. Bxc4 Qc6 37. Qd3 f3 38. gxf3 Rb8 39. e7 Rg6+ 40. Kf1 Re8 41. Ke2 Rd6 42. Bb5
Qc1 43. Qxd6 Qb2+ 44. Ke1 Qxb5 45. Qg6 Qb1+ 46. Ke2 Rxe7 47. Qf5 Qc2+ 48. Kf1 Qd3+
49. Kg2 Rxe4 50. fxe4 Qxa3 51. e5 a4 52. e6 Qd6 53. Qe4 Qe7 54. f4 a3 55. Qd5 Kh7
56. Kg3 Qe8 57. f5 Qb8+ 58. Kg4 Qe8 59. Qd7 Qxd7 60. exd7 a2 61. d8=Q a1=Q 62. Qd3
 1/2-1/2

[Event "British Chess Championships 2023: First Rapidplay Open"]
[Site "The Venue, De Montfort University, 20 Western Boulevard, Leicester, LE2 7BU"]
[Date "2023.07.21"]
[Round "3"]
[Board "6"]
[White "Poulton, James R"]
[Black "Gopakumar, Siddharth"]
[Result "1/2-1/2"]
[WhiteElo "2304"]
[BlackElo "1881"]
[PlyCount "0"]
[EventDate "2023.07.21"]
[EventRounds "7"]
[EventCountry "ENG"]

1. d4 d5 2. c4 e5 3. dxe5 d4 4. Nf3 Nc6 5. Nbd2 Bb4 6. a3 Bxd2+ 7. Qxd2 Nge7 8. b4
Ng6 9. e3 dxe3 10. Qxd8+ Nxd8 11. Bxe3 Nc6 12. Be2 Be6 13. Nd4 Nxd4 14. Bxd4 O-O-O
15. O-O-O Nf4 16. Bf1 h5 17. g3 Ng6 18. Be2 h4 19. Rhe1 hxg3 20. hxg3 Ne7 21. Kb2
Rh2 22. Kc3 Nf5 23. Be3 Nxe3 24. Rxd8+ Kxd8 25. fxe3 c6 26. Bf3 Kc7 27. b5 cxb5 28.
cxb5 Ra2 29. Rc1 Kb6 30. Kd4 Rxa3 31. g4 Ra4+ 32. Kd3 Bxg4 33. Bd5 Be6 34. e4 Ra3+
35. Kd4 g5 36. Rg1 g4 37. Bxe6 fxe6 38. Rxg4 Kxb5 39. Rg7 Ra4+ 40. Kd3 Ra3+ 41. Kd4
Ra4+ 42. Kd3 Ra3+  1/2-1/2

[Event "British Chess Championships 2023: First Rapidplay Open"]
[Site "The Venue, De Montfort University, 20 Western Boulevard, Leicester, LE2 7BU"]
[Date "2023.07.21"]
[Round "3"]
[Board "7"]
[White "Tozer, Philip Aa"]
[Black "Graff, Ben"]
[Result "1-0"]
[WhiteElo "2036"]
[BlackElo "1780"]
[PlyCount "0"]
[EventDate "2023.07.21"]
[EventRounds "7"]
[EventCountry "ENG"]

1. c4 e6 2. g3 d5 3. Nf3 Nf6 4. Bg2 Be7 5. O-O O-O 6. b3 Ne4 7. Bb2 Bf6 8. d4 c5
9. Qc2 cxd4 10. Nxd4 Bxd4 11. Bxd4 Nc6 12. Bb2 Nf6 13. Rd1 Bd7 14. e3 Rc8 15. Nd2
Re8 16. Qd3 Qa5 17. Bxf6 gxf6 18. cxd5 exd5 19. Qxd5 Qxd5 20. Bxd5 Rcd8 21. Ne4 Kg7
22. Nd6 Re5 23. Nxb7 Rb8 24. Nd6 Nb4 25. Bf3 Be6 26. Nc4 Bxc4 27. bxc4 Rc8 28. Rdc1
Nd3 29. Rc3 Nc5 30. Rb1 Na4 31. Rcc1 Rec5 32. Be2 Nb6 33. Rb4 Ra5 34. Rc2 Rac5 35.
Kg2 R8c7 36. h4 Nd5 37. Rbb2 Nb6 38. Rb4 Nd5 39. Ra4 Nb6 40. Ra6 Kf8 41. a4 Nd5 42.
Rb2 Nb6 43. a5 Nd7 44. Rb5 Rxb5 45. cxb5 Ke7 46. b6 axb6 47. axb6 Rb7 48. Ra7 Rxb6
49. Bg4 Rd6 50. e4 Ke8 51. Rxd7 Rxd7 52. Bxd7+ Kxd7 53. Kf3 Ke8 54. Kf4 Kf8 55. Kf5
Kg7 56. g4 h6 57. h5 Kf8 58. Kxf6 Kg8 59. f4 Kf8 60. g5 hxg5 61. fxg5 Kg8 62. h6
Kh7 63. Kxf7 Kh8 64. e5  1-0

[Event "British Chess Championships 2023: First Rapidplay Open"]
[Site "The Venue, De Montfort University, 20 Western Boulevard, Leicester, LE2 7BU"]
[Date "2023.07.21"]
[Round "3"]
[Board "8"]
[White "Wells, Tony D"]
[Black "Agrawal, Shivam"]
[Result "1/2-1/2"]
[WhiteElo "2026"]
[BlackElo "1998"]
[PlyCount "0"]
[EventDate "2023.07.21"]
[EventRounds "7"]
[EventCountry "ENG"]

1. e4 c6 2. d4 d5 3. Nd2 dxe4 4. Nxe4 Bf5 5. Ng5 h6 6. N5f3 Nf6 7. Bc4 e6 8. Ne2
Bd6 9. a4 Nbd7 10. Ng3 Bh7 11. Qe2 O-O 12. O-O Qc7 13. Re1 c5 14. c3 Rac8 15. Bd3
Bxd3 16. Qxd3 Rfd8 17. Ne4 Nxe4 18. Qxe4 Nf6 19. Qh4 Nd5 20. Qg4 Nf6 21. Qh4 Be7
22. Bf4 Qb6 23. Be5 Nd5 24. Qg4 Bf6 25. c4 Bxe5 26. dxe5 Nb4 27. Qe4 Nd3 28. Reb1
Rd7 29. g4 Rcd8 30. g5 hxg5 31. Nxg5 g6 32. Qh4 Qc6 33. Qh7+ Kf8 34. Qh8+ Ke7 35.
Qf6+ Kf8 36. Qh8+ Ke7 37. Qf6+ Kf8 38. Qh8+  1/2-1/2

[Event "British Chess Championships 2023: First Rapidplay Open"]
[Site "The Venue, De Montfort University, 20 Western Boulevard, Leicester, LE2 7BU"]
[Date "2023.07.21"]
[Round "3"]
[Board "9"]
[White "Banerji, Kumar"]
[Black "Raju, Sooraj Menothuparambil"]
[Result "0-1"]
[WhiteElo "1773"]
[BlackElo "2237"]
[PlyCount "0"]
[EventDate "2023.07.21"]
[EventRounds "7"]
[EventCountry "ENG"]

1. e4 Nf6 2. e5 Nd5 3. d4 d6 4. c4 Nb6 5. exd6 cxd6 6. Nf3 g6 7. Nc3 Bg7 8. h3 O-O
9. Bd3 Nc6 10. Be3 Nb4 11. Be2 Bf5 12. Rc1 d5 13. a3 Nc6 14. c5 Nc4 15. Bxc4 dxc4
16. d5 Na5 17. Nd4 Bd3 18. Nde2 Nb3 19. O-O Rc8 20. Re1 Nxc1 21. Nxc1 Bxc3 22. bxc3
Qxd5 23. Bd4 Rfe8 24. Re5 Qd7 25. Nxd3 cxd3 26. Qd2 f6 27. Re1 e5 28. Be3 Qd5 29.
Rb1 f5 30. Qb2 f4 31. Bd2 Rc7 32. Qb4 Rxc5 33. Qa4 Rcc8 34. Qxa7 Ra8 35. Qb6 Rxa3
36. Qb4 Ra2 37. c4 Qd4 38. Qb5 Re7 39. Qb4 Kf7 40. c5 Qxb4 41. Bxb4 e4 42. c6 bxc6
43. Bxe7 Kxe7 44. Rd1 c5 45. Rc1 d2 46. Rd1 Rc2  0-1

[Event "British Chess Championships 2023: First Rapidplay Open"]
[Site "The Venue, De Montfort University, 20 Western Boulevard, Leicester, LE2 7BU"]
[Date "2023.07.21"]
[Round "3"]
[Board "10"]
[White "Moore, Gerald"]
[Black "Patel, Rishi"]
[Result "1/2-1/2"]
[WhiteElo "2119"]
[BlackElo "1733"]
[PlyCount "0"]
[EventDate "2023.07.21"]
[EventRounds "7"]
[EventCountry "ENG"]

1. d4 Nf6 2. c4 e6 3. g3 d5 4. Bg2 c5 5. Nf3 Nc6 6. O-O Be7 7. dxc5 Bxc5 8. cxd5
exd5 9. Qc2 Be7 10. Nbd2 O-O 11. Nb3 Ne4 12. Be3 Bf5 13. Nbd4 Nxd4 14. Nxd4 Bg6 15.
Qb3 Qd7 16. Rac1 Rac8 17. Qb5 Qxb5 18. Nxb5 a6 19. Nd4 Bf6 20. b3 Nc3 21. Rce1 Rfe8
22. a4 Bxd4 23. Bxd4 Nxe2+ 24. Rxe2 Rxe2 25. Bxd5 Rd2 26. Bxb7 Rb8 27. Be3 Rb2 28.
Bxa6 R8xb3 29. Bb5 h6 30. Rd1 Rb1 31. Rxb1 Rxb1+ 32. Kg2 Be4+ 33. Kh3 g5 34. g4 Kg7
35. Be2 f5 36. gxf5 Bxf5+ 37. Kg2 Bd7 38. a5 Bc6+ 39. Bf3 Bxf3+ 40. Kxf3 Kf6 41.
a6 Ke5 42. a7 Ra1 43. Kg4 Ra6 44. Bb6 Kf6 45. Kh5 Kf5 46. Be3 Ra4 47. Kxh6 g4 48.
Kh5 Ra3 49. Kh4 Ra6 50. Kg3 Ra1 51. h3 gxh3 52. Kxh3 Ke4 53. Kg4 Ra5 54. Bb6 Ra6
55. f4 Ra1 56. Kg5 Ra6 57. f5 Kd5 58. f6 Ke6 59. Kg6 Ra2 60. Bd4 Rg2 61. Kh7 Kf7
62. Kh6 Ra2 63. Kg5 Ra5+ 64. Kf4 Rxa7  1/2-1/2

[Event "British Chess Championships 2023: First Rapidplay Open"]
[Site "The Venue, De Montfort University, 20 Western Boulevard, Leicester, LE2 7BU"]
[Date "2023.07.21"]
[Round "3"]
[Board "11"]
[White "Kueh, Audrey"]
[Black "Dhemrait, Jagdeep"]
[Result "1-0"]
[WhiteElo "2093"]
[BlackElo "1718"]
[PlyCount "0"]
[EventDate "2023.07.21"]
[EventRounds "7"]
[EventCountry "ENG"]

1. e4 c5 2. Nf3 Nc6 3. Bb5 a6 4. Bxc6 bxc6 5. O-O g6 6. c3 Bg7 7. d4 cxd4 8. cxd4
Nf6 9. Nc3 O-O 10. Re1 e6 11. Bg5 Qb6 12. Na4 Qb5 13. Rc1 d5 14. e5 Ne4 15. Be7 Re8
16. Ba3 Bh6 17. Nc3 Nxc3 18. Rxc3 a5 19. Qc2 Bd7 20. h4 Bg7 21. h5 Rab8 22. Ng5 Bf8
23. hxg6 hxg6 24. Nxf7 Kxf7 25. Rg3  1-0

[Event "British Chess Championships 2023: First Rapidplay Open"]
[Site "The Venue, De Montfort University, 20 Western Boulevard, Leicester, LE2 7BU"]
[Date "2023.07.21"]
[Round "3"]
[Board "12"]
[White "Pilley, Jack"]
[Black "Mandnikar, Atreya"]
[Result "1-0"]
[WhiteElo "2037"]
[BlackElo "1692"]
[PlyCount "0"]
[EventDate "2023.07.21"]
[EventRounds "7"]
[EventCountry "ENG"]

1. e4 c5 2. Nf3 Nc6 3. Bb5 g6 4. O-O Bg7 5. c3 d6 6. d4 cxd4 7. cxd4 Bd7 8. Nc3 Nf6
9. Re1 O-O 10. h3 a6 11. Ba4 b5 12. Bb3 Na5 13. Bc2 Rc8 14. e5 dxe5 15. dxe5 Ne8
16. a4 Nb7 17. axb5 axb5 18. Qe2 Nc7 19. Be3 b4 20. Ne4 Bb5 21. Qd2 Qxd2 22. Bxd2
Nd5 23. Bb3 e6 24. Ra7 Nc5 25. Nxc5 Rxc5 26. Bxd5 Rxd5 27. Bxb4 Rb8 28. Bd6 Rc8 29.
Rea1 Be2 30. Ra8 Rd1+ 31. Kh2 Rdc1 32. Nd4 Bd3 33. Nb3 R1c2 34. Nd4 R2c4 35. b3 Rc1
36. b4 h5 37. b5 Rxa1 38. Rxa1 Rc4 39. b6 Be4 40. Nb3 Rc3 41. Na5 Rd3 42. b7 Bxb7
43. Nxb7 Rxd6 44. Ra8+ Kh7 45. exd6  1-0

[Event "British Chess Championships 2023: First Rapidplay Open"]
[Site "The Venue, De Montfort University, 20 Western Boulevard, Leicester, LE2 7BU"]
[Date "2023.07.21"]
[Round "3"]
[Board "13"]
[White "Kothari, Jai"]
[Black "Lee, Alexandre Km"]
[Result "1-0"]
[WhiteElo "1966"]
[BlackElo "1534"]
[PlyCount "0"]
[EventDate "2023.07.21"]
[EventRounds "7"]
[EventCountry "ENG"]

1. e4 e6 2. d4 d5 3. Nc3 Bb4 4. e5 c5 5. a3 Ba5 6. b4 cxd4 7. Qxd4 Bc7 8. Nf3 Ne7
9. Nb5 Nbc6 10. Nxc7+ Qxc7 11. Qc3 a6 12. Bb2 Bd7 13. Bd3 Ng6 14. O-O O-O 15. Rae1
Rac8 16. Qd2 Na7 17. Qe3 Qb8 18. Bd4 Nb5 19. Bc5 Rfe8 20. Ng5 d4 21. Qh3 h6 22. Nxf7
Kxf7 23. Qh5 Kg8 24. Qxg6 Rxc5 25. bxc5 Qc7 26. Re4 Bc6 27. Rf4  1-0

[Event "British Chess Championships 2023: First Rapidplay Open"]
[Site "The Venue, De Montfort University, 20 Western Boulevard, Leicester, LE2 7BU"]
[Date "2023.07.21"]
[Round "3"]
[Board "14"]
[White "Lawrence-Cade, Jack"]
[Black "Fellowes, Billy"]
[Result "0-1"]
[WhiteElo "1649"]
[BlackElo "1941"]
[PlyCount "0"]
[EventDate "2023.07.21"]
[EventRounds "7"]
[EventCountry "ENG"]

1. d4 Nc6 2. d5 Ne5 3. Nc3 d6 4. Nf3 Nxf3+ 5. exf3 Nf6 6. Bd3 g6 7. Bg5 Bg7 8. Qd2
c6 9. dxc6 bxc6 10. Bh6 Bxh6 11. Qxh6 Qb6 12. O-O Be6 13. Ne4 Nxe4 14. Bxe4 d5 15.
Qg7 O-O-O 16. Bd3 Rhg8 17. Qe5 c5 18. Rfe1 c4 19. Bf1 Rd6 20. b3 f6 21. Qc3 d4 22.
Qd2 c3 23. Qh6 Rh8 24. Qg7 Qd8 25. Rad1 Qf8 26. Qxf8+ Rxf8 27. g4 h5 28. Re4 Rfd8
29. Rde1 Bd5 30. Rxd4 Bxf3 31. Rc4+ Rc6 32. Rxc6+ Bxc6 33. Bd3 e5 34. gxh5 gxh5 35.
Re3 Kc7 36. h4 Rd4 37. Rh3 Rg4+ 38. Rg3 Rxh4 39. Kf1 Rh1+ 40. Ke2 h4 41. Rg7+ Kb6
42. Rg6 e4 43. Bc4 Rc1 44. Rxf6 Rxc2+ 45. Ke3 Rd2 46. Rh6 Rd1 47. Ke2 c2  0-1

[Event "British Chess Championships 2023: First Rapidplay Open"]
[Site "The Venue, De Montfort University, 20 Western Boulevard, Leicester, LE2 7BU"]
[Date "2023.07.21"]
[Round "3"]
[Board "15"]
[White "Honarvarmahalati, Hooman"]
[Black "Al Dakl Alla, Muhammad"]
[Result "1-0"]
[WhiteElo "1862"]
[BlackElo "1410"]
[PlyCount "0"]
[EventDate "2023.07.21"]
[EventRounds "7"]
[EventCountry "ENG"]

1. e4 c6 2. Nc3 d5 3. Nf3 d4 4. Ne2 c5 5. c3 d3 6. Nf4 c4 7. Qa4+ Nc6 8. Qxc4 e5
9. Nxd3 Be6 10. Qb5 f6 11. Qxb7 Nge7 12. Nc5 Bg4 13. Be2 Rb8 14. Qa6 Rb6 15. Qa4
Qd6 16. d4 Bxf3 17. Bxf3 exd4 18. cxd4 Kf7 19. Qc4+ Ke8 20. Nb3 Nb4 21. O-O Rc6 22.
Qe2 Rc2 23. Qd1 Ng6 24. a3 Nh4 25. axb4 Nxf3+ 26. Qxf3 Be7 27. e5 Qxb4 28. Qa8+ Kf7
29. Qxh8 Qxb3 30. Rxa7 fxe5 31. Bg5  1-0

[Event "British Chess Championships 2023: First Rapidplay Open"]
[Site "The Venue, De Montfort University, 20 Western Boulevard, Leicester, LE2 7BU"]
[Date "2023.07.21"]
[Round "3"]
[Board "16"]
[White "Khan, Mohammed"]
[Black "Goatcher, Matthew W"]
[Result "1-0"]
[WhiteElo "1806"]
[BlackElo "1518"]
[PlyCount "0"]
[EventDate "2023.07.21"]
[EventRounds "7"]
[EventCountry "ENG"]

1. e4 Nf6 2. Nc3 d5 3. e5 Nfd7 4. f4 e6 5. Nf3 c5 6. Bb5 Nc6 7. d4 a6 8. Bxc6 bxc6
9. Ne2 a5 10. O-O Ba6 11. Re1 Qb6 12. Kh1 cxd4 13. Nexd4 c5 14. Ne2 c4 15. f5 Bc5
16. c3 Qc7 17. Nf4 O-O-O 18. fxe6 Nf8 19. Nxd5 Nxe6 20. Nxc7 Rxd1 21. Rxd1 Kxc7 22.
Nd4 Re8 23. Be3 Nxd4 24. cxd4 Bb6 25. Bf4 Kd7 26. d5 Bb7 27. e6+ fxe6 28. dxe6+ Kxe6
29. Rd6+ Kf5 30. Rxb6 Bxg2+ 31. Kxg2 Kxf4 32. Rf1+ Kg4 33. Rb7 Re2+ 34. Rf2 Re5 35.
Rxg7+ Kh5 36. Rxh7+ Kg6 37. Rc7 Rg5+ 38. Kf1 Rd5 39. Rxc4 Rd1+ 40. Kg2 Rd5 41. Rc6+
Kg5 42. Kg3 Rd3+ 43. Rf3  1-0

[Event "British Chess Championships 2023: First Rapidplay Open"]
[Site "The Venue, De Montfort University, 20 Western Boulevard, Leicester, LE2 7BU"]
[Date "2023.07.21"]
[Round "3"]
[Board "17"]
[White "Dayal, Samar"]
[Black "Goss, Alex"]
[Result "1-0"]
[WhiteElo "1676"]
[BlackElo "1781"]
[PlyCount "0"]
[EventDate "2023.07.21"]
[EventRounds "7"]
[EventCountry "ENG"]

1. e4 e6 2. d4 d5 3. exd5 exd5 4. c4 c6 5. Nf3 Bd6 6. h3 Ne7 7. Bd3 dxc4 8. Bxc4
O-O 9. O-O Bf5 10. Nc3 Nd7 11. Re1 b5 12. Bb3 Rc8 13. d5 cxd5 14. Nxd5 Nc5 15. Bg5
Ne6 16. Nxe7+ Bxe7 17. Qxd8 Bxd8 18. Bxd8 Rfxd8 19. g4 Bg6 20. Rxe6 fxe6 21. Bxe6+
Bf7 22. Bxc8 Rxc8 23. a4 b4 24. Rd1 Bb3 25. Rd7 Rc1+ 26. Kg2 Bxa4 27. Rxa7 Bc6 28.
Kg3 Rb1 29. Nd4 Bh1 30. Nf5 g6 31. Nh6+ Kh8 32. g5 Rg1+ 33. Kh2 Rf1 34. Rd7 Rxf2+
35. Kxh1 Rf1+ 36. Kg2 Rf8 37. Nf7+ Kg7 38. Nh6+ Kh8 39. Rd8 Kg7 40. Rxf8 Kxf8 41.
Kf3 Ke7 42. Ke4 Kd6 43. Kd4 b3 44. Ng4 Ke6 45. Nf6 h6 46. Ne4 hxg5 47. Nxg5+ Kf5
48. Nf3 Kf4 49. Ne5 g5 50. Nf7 g4 51. hxg4 Kxg4 52. Kc3 Kf4 53. Kxb3 Ke4 54. Kc4
Kd5+  1-0

[Event "British Chess Championships 2023: First Rapidplay Open"]
[Site "The Venue, De Montfort University, 20 Western Boulevard, Leicester, LE2 7BU"]
[Date "2023.07.21"]
[Round "3"]
[Board "18"]
[White "Kairat, Alexander"]
[Black "Badacsonyi, Stanley"]
[Result "0-1"]
[WhiteElo "1745"]
[BlackElo "2187"]
[PlyCount "0"]
[EventDate "2023.07.21"]
[EventRounds "7"]
[EventCountry "ENG"]

1. e4 e6 2. d4 d5 3. Nc3 Nf6 4. e5 Nfd7 5. f4 c5 6. Be3 Nc6 7. Nf3 a6 8. a3 b5 9.
g3 Qb6 10. dxc5 Bxc5 11. Bxc5 Nxc5 12. Bd3 Bb7 13. Qe2 Rc8 14. Kf1 Nxd3 15. Qxd3
a5 16. Kg2 Ba6 17. Qd2 Ne7 18. Ne2 Nf5 19. Ned4 Nxd4 20. Nxd4 Rc4 21. c3 b4 22. axb4
axb4 23. Rhf1 g6 24. Ra2 bxc3 25. bxc3 Rxd4 26. cxd4 Bxf1+ 27. Kxf1 O-O 28. Rb2 Qa6+
29. Kf2 Rc8 30. Rc2 Ra8 31. Qc3 Kg7 32. h4 Qa1 33. Qxa1 Rxa1 34. Rc3 Rd1 35. Ke3
h6 36. Rd3 Rb1 37. Kf3 Re1 38. Re3 Rd1 39. Rc3 Rxd4 40. Ke3 Ra4 41. Rd3 g5 42. hxg5
hxg5 43. f5 Re4+ 44. Kf3 Rxe5 45. fxe6 fxe6 46. Rd4 Kg6 47. g4 Re1 48. Kf2 Rb1 49.
Rd3 Rb4 50. Kg3 Kf6 51. Rf3+ Rf4 52. Re3 e5 53. Ra3 e4 54. Ra6+ Ke5 55. Rg6 Rf7 56.
Rxg5+ Kd4 57. Rh5 e3 58. Rh1 Ke4 59. Re1 d4 60. g5 d3 61. Kg2 d2  0-1

[Event "British Chess Championships 2023: First Rapidplay Open"]
[Site "The Venue, De Montfort University, 20 Western Boulevard, Leicester, LE2 7BU"]
[Date "2023.07.21"]
[Round "3"]
[Board "19"]
[White "Hayes, Solomon"]
[Black "Talbot, Mark A"]
[Result "0-1"]
[WhiteElo "1781"]
[BlackElo "2058"]
[PlyCount "0"]
[EventDate "2023.07.21"]
[EventRounds "7"]
[EventCountry "ENG"]

1. e4 e5 2. Nf3 Nf6 3. Nxe5 d6 4. Nf3 Nxe4 5. d4 d5 6. Bd3 Nc6 7. O-O Be7 8. c3 Bg4
9. h3 Bh5 10. Re1 f5 11. Nbd2 O-O 12. Qc2 Bd6 13. a3 Kh8 14. c4 Nxd2 15. Nxd2 Nxd4
16. Qc3 Qh4 17. cxd5 Rae8 18. Rxe8 Rxe8 19. Nf1 Be5 20. Qb4 Be2 21. Be3 Bxd3 22.
Rd1 Ne2+ 23. Kh1 Qxb4 24. axb4 Bb5 25. Re1 Nd4 26. f4 Bxf4  0-1

[Event "British Chess Championships 2023: First Rapidplay Open"]
[Site "The Venue, De Montfort University, 20 Western Boulevard, Leicester, LE2 7BU"]
[Date "2023.07.21"]
[Round "3"]
[Board "20"]
[White "Vashisht-Pigem, Raman"]
[Black "Moreland, Finlay W"]
[Result "1-0"]
[WhiteElo "1723"]
[BlackElo "1836"]
[PlyCount "0"]
[EventDate "2023.07.21"]
[EventRounds "7"]
[EventCountry "ENG"]

1. e4 g6 2. d4 Bg7 3. Nf3 d6 4. Nc3 Nf6 5. Be2 O-O 6. O-O c6 7. a4 Nbd7 8. a5 Re8
9. h3 Qc7 10. Be3 a6 11. Qd2 e5 12. dxe5 dxe5 13. Rfd1 b6 14. axb6 Nxb6 15. Qd6 Qxd6
16. Rxd6 Nbd7 17. Rxc6 Bb7 18. Rc7 Bxe4 19. Nxe4 Nxe4 20. Rxd7 Rec8 21. c3 a5 22.
Ra7 Rab8 23. Bd3 Nd6 24. Ra6 Rd8 25. Bc5 Nb7 26. Ba7 Rbc8 27. Bc2 f5 28. Rd1 Re8
29. Rd7 Nd8 30. Bb6 Nc6 31. Bc7 Ne7 32. Bxe5 Bf8 33. Bb3+  1-0